000
00291nam a22001337a 4500
008
170307b xxu||||| |||| 00| 0 eng d
020
_a
9780683182156
041
_a
eng
080
_a
611
100
_a
6
101
_a
SHM
245
_a
HIGH-YIELD GROSS ANATOMY
_c
DUDEK, R,W
942
_2
udc
_c
BK
999
_c
7019
_d
7019